Die teuersten Fußball Trophäen - Statistiken

Allgemein
  • Dieses Quiz wurde 186 mal gespielt
  • Das Durchschnittsergebnis liegt bei 7 aus 12
Antwortstatistiken
Rang Wert ($) Trophäe % Korrekt
1 20 Mio Weltmeisterschaft
99%
11 15.000 UEFA Champions League
88%
10 57.102 Bundesliga-Meisterschale
79%
12 10.000 Premier League
74%
6 600.000 La Liga
73%
3 4.5 Mio UEFA Europa League
64%
9 66.000 Serie-A
63%
2 8.5 Mio Copa Libertadores
61%
4 1.18 Mio. FA-Cup
35%
5 805.439 Ballon d'Or
32%
7 470.000 UEFA-Superpokal
15%
8 150.000 Afrikanische Nationen-Pokal
9%
Keine übereinstimmenden Quizze gefunden
Verteilung der Resultate
Anzahl Personen mit jedem Resultat
Perzentil nach korrekt beantworteten Fragen
Ihre Resultats-Entwicklung
Sie haben dieses Quiz noch nicht gespielt